| 000 -LEADER |
| fixed length control field |
01023nam a22002777a 4500 |
| 003 - CONTROL NUMBER IDENTIFIER |
| control field |
OSt |
| 005 - DATE AND TIME OF LATEST TRANSACTION |
| control field |
20260227111140.0 |
| 008 - FIXED-LENGTH DATA ELEMENTS--GENERAL INFORMATION |
| fixed length control field |
180320b xxu||||| |||| 00| 0 spa d |
| 020 ## - INTERNATIONAL STANDARD BOOK NUMBER |
| International Standard Book Number |
9789505693764 |
| 040 ## - CATALOGING SOURCE |
| Transcribing agency |
PJ |
| 100 ## - ASIENTO PRINCIPAL - NOMBRE DE PERSONA |
| 9 (RLIN) |
3802 |
| Personal name |
Löffler, Ernesto Adrián |
| 245 10 - MENCIÓN DE TÍTULO |
| Título propiamente dicho |
Cómo hacer y defender una tesis / |
| Mención de responsabilidad, etc |
Ernesto Adrián Loffler, Francisco Cappellotti con la colaboración de Julieta Frick y prólogo de Santiago Otamendi. |
| 250 ## - EDITION STATEMENT |
| Edition statement |
2a. ed. act. y amp. |
| 260 ## - PUBLICATION, DISTRIBUTION, ETC. (IMPRINT) |
| Place of publication, distribution, etc |
Ushuaia : |
| Name of publisher, distributor, etc |
Ábaco, |
| Date of publication, distribution, etc |
2025. |
| 300 ## - DESCRIPCION FISICA |
| Extent |
344 p. |
| Dimensions |
23 cm. |
| 500 ## - NOTA GENERAL |
| General note |
Bibliografía: p. 343 |
| 504 ## - NOTA DE BIBLIOGRAFÍA, ETC. |
| Bibliography, etc |
Bibliografía y notas a pie de página. |
| 505 ## - FORMATTED CONTENTS NOTE |
| Formatted contents note |
Incluye material sobre el uso de la inteligencia artificial en el ámbito académico. |
| 650 #0 - ASIENTO SECUNDARIO DE MATERIA - TERMINO TEMATICO |
| 9 (RLIN) |
209 |
| Topical term or geographic name as entry element |
DERECHO EN GENERAL |
| 650 #0 - ASIENTO SECUNDARIO DE MATERIA - TERMINO TEMATICO |
| Topical term or geographic name as entry element |
TESIS |
| 650 #0 - ASIENTO SECUNDARIO DE MATERIA - TERMINO TEMATICO |
| 9 (RLIN) |
5817 |
| Topical term or geographic name as entry element |
INTELIGENCIA ARTIFICIAL |
| 700 ## - ADDED ENTRY--PERSONAL NAME |
| 9 (RLIN) |
3817 |
| Personal name |
Cappellotti, Francisco José |
| 700 ## - ADDED ENTRY--PERSONAL NAME |
| 9 (RLIN) |
5965 |
| Personal name |
Frick, Julieta |
| Relator term |
colaboradora |
| 700 ## - ADDED ENTRY--PERSONAL NAME |
| 9 (RLIN) |
7149 |
| Personal name |
Otamendi, Santiago |
| Relator term |
prologuista |
| 942 ## - ADDED ENTRY ELEMENTS (KOHA) |
| Source of classification or shelving scheme |
|
| Koha item type |
Libros |
| Item part |
LOF |